Handbook of Industrial Lighting / (Record no. 12074)
[ view plain ]
| 000 -LEADER | |
|---|---|
| fixed length control field | 00698nam a22001697a 4500 |
| 008 - FIXED-LENGTH DATA ELEMENTS--GENERAL INFORMATION | |
| fixed length control field | 090628t xxu||||| |||| 00| 0 eng d |
| 020 ## - INTERNATIONAL STANDARD BOOK NUMBER | |
| International Standard Book Number | 0408005254 |
| 082 ## - DEWEY DECIMAL CLASSIFICATION NUMBER | |
| Edition number | 22 |
| Classification number | 621.322 |
| Item number | LYO |
| 245 ## - TITLE STATEMENT | |
| Title | Handbook of Industrial Lighting / |
| Statement of responsibility, etc | Stanley L. Lyons |
| 260 ## - PUBLICATION, DISTRIBUTION, ETC. (IMPRINT) | |
| Place of publication, distribution, etc | London : |
| Name of publisher, distributor, etc | Butterworths, |
| Date of publication, distribution, etc | 1981 |
| 300 ## - PHYSICAL DESCRIPTION | |
| Extent | x,213p. : |
| Other physical details | ill. ; |
| Dimensions | 25cm. |
| 500 ## - GENERAL NOTE | |
| General note | Includes index. |
| 650 ## - SUBJECT ADDED ENTRY--TOPICAL TERM | |
| 9 (RLIN) | 7087 |
| Topical term or geographic name as entry element | Industrial buildings |
| General subdivision | -- Lighting |
| Geographic subdivision | -- Great Britain . |
| 650 ## - SUBJECT ADDED ENTRY--TOPICAL TERM | |
| 9 (RLIN) | 7092 |
| Topical term or geographic name as entry element | Electric lighting |
| Geographic subdivision | -- Great Britain |
| 942 ## - ADDED ENTRY ELEMENTS (KOHA) | |
| Source of classification or shelving scheme | Dewey Decimal Classification |
| Item type | Book - Borrowing |
| Withdrawn status | Item status | Source of classification or shelving scheme | Damaged status | Not for loan | Vendor | Home library | Current library | Shelving location | Date acquired | Source of acquisition | Cost, normal purchase price | Total Checkouts | Full call number | Barcode | Date last seen | Cost, replacement price | Koha item type |
|---|---|---|---|---|---|---|---|---|---|---|---|---|---|---|---|---|---|
| Dewey Decimal Classification | Alef-Baa | Central Library | Central Library | First floor | 28/06/2009 | 150.00 | 621.322 LYO | 000017248 | 15/07/2025 | 187.50 | Book - Borrowing |